
Library Catalogue

| 000 -LEADER | |
|---|---|
| fixed length control field | 01380nam a2200205Ia 4500 |
| 003 - CONTROL NUMBER IDENTIFIER | |
| control field | OSt |
| 005 - DATE AND TIME OF LATEST TRANSACTION | |
| control field | 20220409130751.0 |
| 008 - FIXED-LENGTH DATA ELEMENTS--GENERAL INFORMATION | |
| fixed length control field | 160316s2015 xxu||||| |||| 00| 0 eng d |
| 040 ## - CATALOGING SOURCE | |
| Transcribing agency | n |
| 082 ## - DEWEY DECIMAL CLASSIFICATION NUMBER | |
| Classification number | 347.090000 |
| Item number | SHR-2 |
| 100 ## - MAIN ENTRY--PERSONAL NAME | |
| Personal name | Shroff Cryril |
| 245 ## - TITLE STATEMENT | |
| Title | The impact of Magna Carta in India and the new trends of dispute resolution |
| 260 ## - PUBLICATION, DISTRIBUTION, ETC. | |
| Place of publication, distribution, etc. | New Delhi |
| Name of publisher, distributor, etc. | Amarchand Mangaldas |
| Date of publication, distribution, etc. | 2015 |
| 300 ## - PHYSICAL DESCRIPTION | |
| Extent | 99p |
| 365 ## - TRADE PRICE | |
| Price amount | Gratis |
| 505 ## - FORMATTED CONTENTS NOTE | |
| Formatted contents note | Content:<br/>1. Celebrating the Magna Carta;<br/>2. A Personal Perspective about the Enduing Impact of the Magna Carta;<br/>3. Delay in Justice Undermines the Rule of Law : India Seeks to Remedy the Situation;<br/>4. Reforms in the Administration of Justice: Beating the Backlog;<br/>5. Power of Contempt by the Supreme Court and Some Landmark Judgements;<br/>6. Judicial Review and Exercise of Power by The Higher Judiciary;<br/>7. The Future of Commercial Disputes Lies with Commercial Courts;<br/>8. Recent Trends in the Indian Administration Law;<br/>9. Analysis of the New Arbitration Law;<br/>10. Public Interest in Indian Courts : The Case of Environment;<br/>11. Judicial Appointments : Collegium System and the NJAC;<br/>12. Moving from Discretionary Regulations to Regulatory Authorities;<br/>13. Resolution of Tax Disputes : The Current Trend and the Way forword<br/><br/><br/><br/> |
| 650 ## - SUBJECT ADDED ENTRY--TOPICAL TERM | |
| Topical term or geographic name entry element | 1. Dispute Resolution - Magna Carta |
| 700 ## - ADDED ENTRY--PERSONAL NAME | |
| Personal name | |
| -- | |
| 942 ## - ADDED ENTRY ELEMENTS (KOHA) | |
| Source of classification or shelving scheme | Dewey Decimal Classification |
| Koha item type | BOOKs |
| Withdrawn status | Lost status | Damaged status | Not for loan | Home library | Current library | Shelving location | Date acquired | Total Checkouts | Full call number | Barcode | Date last seen | Price effective from | Koha item type |
|---|---|---|---|---|---|---|---|---|---|---|---|---|---|
| . | . | 30.05.2017 | 347.09 SHR-2 | 33470 | 30.05.2017 | 30.05.2017 | BOOKs |